| Tag |
First Indicator |
Second Indicator |
Subfields |
| LEADER |
00000cam a2200000 4500 |
| 001 |
in00000059696 |
| 005 |
20151008050517.0 |
| 008 |
770811s1953 nju 00000 eng |
| 010 |
|
|
|a 52013141
|
| 035 |
|
|
|a (OCoLC)03178313
|
| 035 |
|
|
|9 AAG1480AM
|
| 040 |
|
|
|a DLC
|c TJC
|d TXA
|d UtOrBLW
|
| 049 |
|
|
|a TXAM
|c [219139]
|
| 050 |
0 |
0 |
|a HB201
|b .S55
|
| 082 |
0 |
|
|a 338.01
|
| 092 |
|
|
|a 338.01
|b S548c
|
| 100 |
1 |
|
|a Shephard, Ronald William.
|
| 245 |
1 |
0 |
|a Cost and production functions.
|
| 264 |
|
1 |
|a Princeton :
|b Princeton University Press,
|c 1953.
|
| 300 |
|
|
|a 104 pages ;
|c 23 cm.
|
| 336 |
|
|
|a text
|b txt
|2 rdacontent
|
| 337 |
|
|
|a unmediated
|b n
|2 rdamedia
|
| 338 |
|
|
|a volume
|b nc
|2 rdacarrier
|
| 650 |
|
0 |
|a Cost.
|
| 650 |
|
0 |
|a Economics.
|
| 999 |
|
|
|a MARS
|
| 999 |
f |
f |
|s 8ffe2a4c-f413-386e-b70e-1da0c33b36d5
|i e9fe5167-85c9-3e34-a7a1-ef03ea33bbc9
|t 0
|
| 952 |
f |
f |
|p ric
|a Texas A&M University
|b Rellis Campus
|c Joint Library Facility
|d Remote Storage
|t 0
|e HB201 .S55
|h Library of Congress classification
|i unmediated -- volume
|m A14800755408
|
| 998 |
f |
f |
|a HB201 .S55
|t 0
|l Remote Storage
|